000 nam a22 7a 4500
999 _c8425
_d8425
008 180116b ||||| |||| 00| 0 eng d
100 _94826
_aGANDHI.P ET AL
245 _aBUSIESS STUDIES-XI
260 _aNEW DELHI
_bV.K GOLBAL
_c2018